000 00648nam a2200193 a 4500
001 000042592
003 DO-SdBNP
005 20221019115309.0
007 ta
008 140130s2006 dr ac 000 0 spa d
040 _aDO-SdBNP
_bspa
_cBNPHU
082 4 _a22
111 2 _aFestival Internacional de Teatro
_n(5.
_d2006: 9-19 nov.
_cSanto Domingo)
_969842
245 1 0 _aV festival internacional de teatro Santo Domingo 2006.
246 1 0 _aQuinto festival internacional de teatro Santo Domingo 2006.
260 _aSanto Domingo :
_bSecretaría de Estado de Cultura,
_bBúho,
_c2006.
300 _a123 p. :
_bil., retrs. ;
_c28 cm.
942 _2ddc
_cLBS1
999 _c42081
_d42081